Vlaňajší zisk Istrobanky dosiahol len 31 mil. Sk

Hospodárenie Istrobanky, a.s. Bratislava v r. 1998. Výška zisku po zdanení, výrazný pokles oproti r. 1997. Vyššia tvorba zdrojov na krytie rizík na úkor zisku. Bilančná suma banky, úvery klientom, vklady klientov. Hospodárenie banky v prvých troch mesiacoch r. 1999. Akcionári Istrobanky.

Salvato in:
Dettagli Bibliografici
Autore principale: Kovalčík, Ján
Natura: Capitolo di libro
Lingua:slovacco
Soggetti:
Tags: Aggiungi Tag
Nessun Tag, puoi essere il primo ad aggiungerne!!

MARC

LEADER 00000naa a2200000 4500
001 r035129
005 20230921103119.6
041 0 |a slo 
044 |a SK 
245 1 0 |a Vlaňajší zisk Istrobanky dosiahol len 31 mil. Sk  |c Ján Kovalčík 
520 |a Hospodárenie Istrobanky, a.s. Bratislava v r. 1998. Výška zisku po zdanení, výrazný pokles oproti r. 1997. Vyššia tvorba zdrojov na krytie rizík na úkor zisku. Bilančná suma banky, úvery klientom, vklady klientov. Hospodárenie banky v prvých troch mesiacoch r. 1999. Akcionári Istrobanky. 
610 2 0 |a hospodárenie finančné 
610 2 0 |a hospodárenie podnikové 
610 2 0 |a zisk 
610 2 0 |a imanie základné 
610 2 0 |a úver bankový 
610 2 0 |a vklady 
610 2 0 |a akcionári 
610 2 0 |a Istrobanka, a.s. Bratislava 
610 2 0 |a 1998 
100 1 |a Kovalčík, Ján